| 000 | 00747nam a2200241Ia 4500 | ||
|---|---|---|---|
| 005 | 20260430150250.0 | ||
| 008 | 008 250103s9999 xx 000 0 eng d | ||
| 037 | _aTheses | ||
| 040 | _aCRL | ||
| 040 | _beng | ||
| 040 | _ceng | ||
| 041 | _2eng | ||
| 041 | _aeng | ||
| 084 | _qCRL | ||
| 100 |
_aPiuthaimei Gonmei Zenus Au.; Shekhar Shashank Gu.; Dubey Chandra Shekhar Gu. _91236976 |
||
| 245 | 0 | _aInsight into the landscape development of the himalayas and the neotectonic influences on the anthropocene ghaggar saraswati drishadvati river basin | |
| 260 | _c2022 | ||
| 300 | _a241p. | ||
| 650 | _aGeology | ||
| 700 | _aUniversity of Delhi. Faculty of Science. Department of Geology | ||
| 942 | _cTH | ||
| 999 |
_c1849367 _d1849367 |
||